Les représentations du droit romain en Europe aux Temps modernes.

-д хадгалсан:
Номзүйн дэлгэрэнгүй
Байгууллагын зохиогч: Centre d'études et de recherches d'histoire des idées et des institutions politiques (auteur)
Бусад зохиолчид: Bruschi, Christian (préface)
Формат: Ном
Хэл сонгох:англи
Хэвлэсэн: Aix-en-Provence, France: Presses universitaires d'Aix-Marseille, Faculté de Droit et de Science Politique, 2007.
Цуврал:Collection d'histoire des institutions et des idées politiques,
Нөхцлүүд:
Шошгууд: Шошго нэмэх
Шошго байхгүй, Энэхүү баримтыг шошголох эхний хүн болох!

MARC

LEADER 00000nam a22000007a 4500
003 CL-VaPUC
005 20220822114759.0
008 220802t2007 ||||| |||| 00| 0 eng d
999 |c 437849  |d 437847 
020 |a 9782731406016 
040 |c Pontificia Universidad Católica de Valparaíso 
082 |2 22  |a 349.409 BRU 2007 
110 |9 874569  |a Centre d'études et de recherches d'histoire des idées et des institutions politiques.  |e auteur  
245 |a Les représentations du droit romain en Europe aux Temps modernes.  
260 |a Aix-en-Provence, France:   |b Presses universitaires d'Aix-Marseille,   |b Faculté de Droit et de Science Politique,   |c 2007. 
300 |a 310 páginas.  
490 |a Collection d'histoire des institutions et des idées politiques,  |n  XXXIV. 
500 |a c.1 Donación Familia Prof. Alejandro Guzmán Brito. 
583 |c 20220802  |k Yessy Sthefany Diaz Vidal 
650 0 |9 255930  |a Derecho romano  |x Influencia   |z Europa  
651 |a Europa   |x Derecho romano  |y Edad moderna  |9 874572 
700 |9 874571  |a Bruschi, Christian  |e préface 
942 |2 ddc  |c BK  |n 0 
952 |0 0  |1 0  |2 ddc  |4 0  |6 349_409000000000000_BRU_2007  |7 1  |8 C_AGB  |9 585694  |a BIBDER  |b BIBDER  |d 2022-08-02  |e Donación   |i 5653599  |o 349.409 BRU 2007  |p 5653599  |r 2023-01-25  |t 1  |w 2022-08-02  |y BK_US  |k AGB